Statystyki dla DZIEDZINY, W KTÓRYCH PRZYZNAWANA JEST NAGRODA NOBLA:

Kliknij tutaj aby rozwiązać quiz!

Ogólne statystyki

  • Ten quiz został rozwiązany 87 razy
  • Średni wynik to 4 z 6

Statystyki odpowiedzi

Odpowiedź% Poprawnych
FIZYKA
96%
CHEMIA
91%
LITERATURA
90%
MEDYCYNA
44%
EKONOMIA
30%
POKOJOWY NOBEL
1%

Rozkład punktacji

Percentyl według liczby udzielonych odpowiedzi

Procent ludzi z każdym wynikiem

Twoja historia wyników

Nie rozwiązałeś tego quizu